Fortune

Saved in:
Bibliographic Details
Format: Serial
Language:English
Published: Chicago Time 1979
Tags: Add Tag
No Tags, Be the first to tag this record!

MARC

LEADER 00000nas2a2200000 4500
001 s027796
005 20250730114137.3
041 0 |a eng 
044 |a US 
245 1 0 |a Fortune 
264 1 |a Chicago  |b Time  |c 1979 
773 0 |w eu_un_cat*s120711